[Event "Cap d'Agde Avenir op"]
[Site "Cap d'Agde"]
[Date "2008.10.29"]
[Round "6"]
[White "Granjard, Karine"]
[Black "Hallay, Luc"]
[Result "1-0"]
[WhiteElo "1668"]
[BlackElo "1000"]
[PlyCount "167"]
[EventDate "2008.10.25"]
[EventType "swiss"]
[EventRounds "9"]
[EventCountry "FRA"]
[SourceTitle "EXT 2010"]
[Source "ChessBase"]
[SourceDate "2010.11.25"]
[SourceVersion "1"]
[SourceVersionDate "2010.11.25"]
[SourceQuality "1"]

1. d4 d5 2. c4 dxc4 3. e4 b5 4. Nf3 Nf6 5. Nc3 Bd7 6. e5 b4 7. Na4 Nd5 8. Bxc4 e6 9. 0-0 Be7 10. Nc5 Bc6 11. Nb3 0-0 12. Na5 Nb6 13. Nxc6 Nxc6 14. Bd3 g6 15. Be4 Nd5 16. Bh6 Re8 17. Rc1 Bf8 18. Bxf8 Rxf8 19. Rxc6 Qd7 20. Qc1 Rfc8 21. Bxd5 Qxd5 22. b3 a5 23. Rxc7 Rxc7 24. Qxc7 a4 25. Qc5 axb3 26. axb3 Qxb3 27. Qc1 Kg7 28. h3 Qd3 29. Rd1 Qe4 30. Qb1 Qe2 31. Rd2 Qc4 32. Rb2 Rb8 33. Qc2 Qa6 34. Nd2 Qe2 35. Nb3 Qe1+ 36. Kh2 Qc3 37. Qd2 Qc4 38. Nc5 h5 39. Nb3 Qc3 40. Nc5 Qc4 41. Rb3 Qf1 42. Nd3 Ra8 43. Qe1 Qxe1 44. Nxe1 Ra1 45. Nf3 Ra4 46. Kg3 f6 47. exf6+ Kxf6 48. h4 Kf5 49. Ne5 Ra3 50. Rf3+ Ke4 51. Nc4 Rc3 52. Rxc3 bxc3 53. Ne3 Kxd4 54. Kf3 e5 55. Ke2 e4 56. Nc2+ Ke5 57. Ke3 Kf5 58. g3 Ke5 59. Ke2 Kd5 60. Ne3+ Kd4 61. f3 exf3+ 62. Kxf3 Ke5 63. Nc2 Kf5 64. Nd4+ Ke5 65. Ke3 c2 66. Nxc2 Kf5 67. Kf3 g5 68. Ne3+ Kg6 69. hxg5 Kxg5 70. Ng2 Kf5 71. Nf4 Kg5 72. Ne6+ Kf5 73. Ng7+ Kg5 74. Nxh5 Kxh5 75. Kf4 Kg6 76. Kg4 Kh6 77. Kf5 Kg7 78. Kg5 Kg8 79. Kg6 Kh8 80. g4 Kg8 81. g5 Kh8 82. Kf7 Kh7 83. g6+ Kh8 84. g7+ 1-0

[Event "Cap d'Agde Avenir op"]
[Site "Cap d'Agde"]
[Date "2008.10.28"]
[Round "5"]
[White "Basri, Larbi Jean"]
[Black "Granjard, Karine"]
[Result "0-1"]
[WhiteElo "1544"]
[BlackElo "1668"]
[PlyCount "93"]
[EventDate "2008.10.25"]
[EventType "swiss"]
[EventRounds "9"]
[EventCountry "FRA"]
[SourceTitle "EXT 2010"]
[Source "ChessBase"]
[SourceDate "2010.11.25"]
[SourceVersion "1"]
[SourceVersionDate "2010.11.25"]
[SourceQuality "1"]

1. e4 d6 2. f4 Nf6 3. Nc3 g6 4. Nf3 Bg7 5. Bc4 c6 6. d3 d5 7. exd5 cxd5 8. Bb3 0-0 9. Bd2 Nc6 10. a3 a6 11. h3 Re8 12. Qe2 b5 13. 0-0 e6 14. Qf2 Bb7 15. Ne5 Qc7 16. Rae1 Rf8 17. Re2 Rad8 18. Rfe1 d4 19. Nd1 Nxe5 20. fxe5 Nd7 21. Bf4 Nc5 22. Ba2 Qe7 23. Qg3 h6 24. Nf2 Bd5 25. Bxd5 Rxd5 26. Ng4 Kh7 27. h4 Nd7 28. Bd2 Re8 29. Bb4 Nc5 30. Kh2 h5 31. Nf2 f6 32. Ne4 Nxe4 33. dxe4 Rc5 34. Bxc5 Qxc5 35. exf6 Bxf6 36. e5 Bg7 37. b4 Qe7 38. Kh3 Rc8 39. Qg5 Rc3+ 40. g3 Qc7 41. Qd2 Qc4 42. Re4 Rxc2 43. Qxd4 Qa2 44. Qg1 Qxa3 45. Ra1 Qd3 46. Qe1 Qf3 47. Rf4 0-1

[Event "FRA-chT Top 12 (Women)"]
[Site "Rennes"]
[Date "2007.05.12"]
[Round "3"]
[White "Marchadour, Emilie"]
[Black "Granjard, Karine"]
[Result "1-0"]
[WhiteElo "2126"]
[BlackElo "1703"]
[PlyCount "65"]
[EventDate "2007.05.11"]
[EventType "team"]
[EventRounds "5"]
[EventCountry "FRA"]
[SourceTitle "CBM 118 Extra"]
[Source "ChessBase"]
[SourceDate "2007.07.04"]
[SourceVersion "1"]
[SourceVersionDate "2007.07.04"]
[SourceQuality "1"]
[WhiteTeam "Clichy Echecs 92"]
[BlackTeam "Bois Colombes"]
[WhiteTeamCountry "FRA"]
[BlackTeamCountry "FRA"]

1. e4 d6 2. d4 Nf6 3. Nc3 g6 4. Bf4 Bg7 5. Qd2 h6 6. h3 c6 7. 0-0-0 Qc7 8. e5 Nd5 9. Nxd5 cxd5 10. exd6 exd6 11. Qe3+ Be6 12. Bd3 Nc6 13. Bxg6 0-0-0 14. Bh5 Kb8 15. Bg4 Rhe8 16. Bxe6 Rxe6 17. Qc3 Re4 18. Be3 Rc8 19. Ne2 Qb6 20. Qb3 Nb4 21. c3 Qa5 22. Kb1 Nc6 23. Ng3 Re6 24. Nh5 Bf8 25. Nf4 Rf6 26. Qxd5 Rf5 27. Qxa5 Rxa5 28. Nd3 Rb5 29. c4 Rf5 30. g4 Rf3 31. b3 Ka8 32. Nf4 Ne7 33. Kc2 1-0

[Event "FRA-chT2A 0506"]
[Site "France"]
[Date "2006.03.11"]
[Round "8.8"]
[White "Granjard, Karine"]
[Black "Perrot, Pierre"]
[Result "0-1"]
[WhiteElo "1676"]
[BlackElo "1977"]
[PlyCount "52"]
[EventDate "2005.10.27"]
[EventType "team-tourn"]
[EventRounds "11"]
[EventCountry "FRA"]
[SourceTitle "EXT 2006"]
[Source "ChessBase"]
[SourceDate "2005.11.24"]
[SourceVersion "1"]
[SourceVersionDate "2005.11.24"]
[SourceQuality "1"]
[WhiteTeam "Bois Colombes II"]
[BlackTeam "Clermont Ferrand"]
[WhiteTeamCountry "FRA"]
[BlackTeamCountry "FRA"]

1. Nf3 Nf6 2. g3 d5 3. Bg2 Bf5 4. d3 e6 5. 0-0 Nbd7 6. Nbd2 Be7 7. c4 c6 8. a3 a5 9. cxd5 exd5 10. Nd4 Bg6 11. N2f3 h6 12. Nh4 Bh7 13. Nhf5 0-0 14. e4 Bc5 15. Be3 Qb6 16. Rb1 dxe4 17. dxe4 Bxf5 18. Nxf5 Bxe3 19. Nxe3 Ne5 20. Qe2 Rfd8 21. Rfd1 Qb3 22. f4 Nd3 23. Nd5 cxd5 24. Rxd3 Qb6+ 25. Kf1 dxe4 26. Bxe4 Re8 0-1